Religión, chamanismo y mitología mapuche

Saved in:
Bibliografiske detaljer
Hovedforfatter: Dowling Desmadryl, Jorge (Author)
Format: Bog
Sprog:spansk
Udgivet: Santiago Universitaria 1973
Udgivelse:2a. ed
Serier:Imagen de Chile
Fag:
Tags: Tilføj Tag
Ingen Tags, Vær først til at tagge denne postø!

MARC

LEADER 00000cam a2200000 a 4500
001 UCN1158
003 CL-VaPUC
008 010420e19730000CL |||||||||||||||||spa|d
082 0 4 |a 299.8  |b DOW  |2 21 
100 0 |a Dowling Desmadryl, Jorge  |e author  |9 456584 
245 1 0 |a Religión, chamanismo y mitología mapuche 
250 |a 2a. ed 
300 |a 148 p 
942 |c BK 
945 |d 20010420 00:00:00  |a crobeson 
260 |a Santiago  |b Universitaria  |c 1973 
650 7 |a RELIGION MAPUCHE  |2 CL-VaPUC  |9 456585 
650 0 |a Chamanismo  |9 325290 
650 7 |a MITOLOGIA MAPUCHE  |2 CL-VaPUC  |9 456586 
583 |a last modification  |c 20130923 06:02:15  |k Rodrigo Vera 
490 0 |a Imagen de Chile 
999 |c 294735  |d 294733 
952 |0 0  |1 0  |4 0  |6 299_800000000000000_DOW_1973  |7 0  |8 A  |9 347440  |a BIBEDU  |b BIBEDU  |d 2019-11-20  |i 1248693  |l 1  |o 299.8 DOW 1973  |p 1248693  |r 2024-09-24  |s 2024-09-06  |w 2019-11-20  |y BK  |k MUS 
952 |0 0  |1 0  |3 erb  |4 0  |6 299_800000000000000_DOW_1973  |7 0  |8 A  |9 347441  |a BIBHIS  |b BIBHIS  |d 2019-11-20  |i 5008247  |l 1  |o 299.8 DOW 1973  |p 5008247  |r 2025-01-20  |s 2023-11-21  |w 2019-11-20  |y BK  |z Catalogado en:20130930  |k HIS